Исторические очерки состояния Византийско-восточной церкви от конца XI до середины XV века : (Record no. 438377)
[ view plain ]
| 000 -LEADER | |
|---|---|
| fixed length control field | 01737nam a22003137a 4500 |
| 003 - CONTROL NUMBER IDENTIFIER | |
| control field | AM-YeHGA |
| 040 ## - CATALOGING SOURCE | |
| Original cataloging agency | AM-YeHGA |
| 090 ## - LOCALLY ASSIGNED LC-TYPE CALL NUMBER (OCLC); LOCAL CALL NUMBER (RLIN) | |
| -- | 441104 |
| 005 - DATE AND TIME OF LATEST TRANSACTION | |
| control field | 20250617155744.0 |
| 008 - FIXED-LENGTH DATA ELEMENTS--GENERAL INFORMATION | |
| fixed length control field | 191002s1998 rus||||| |||| 00| 0 rus d |
| 020 ## - INTERNATIONAL STANDARD BOOK NUMBER | |
| International Standard Book Number | 5893290851 |
| 041 0# - LANGUAGE CODE | |
| Language code of text/sound track or separate title | rus |
| 100 1# - MAIN ENTRY--PERSONAL NAME | |
| Personal name | Лебедев, Алексей Петрович |
| Dates associated with a name | 1845-1908 |
| 245 10 - TITLE STATEMENT | |
| Title | Исторические очерки состояния Византийско-восточной церкви от конца XI до середины XV века : |
| Remainder of title | От начала Крестовых походов до падения Константинополя в 1453 г. / |
| Statement of responsibility, etc. | А.П. Лебедев; Науч. ред., библиогр. и имен. указ. М.А. Морозова |
| 260 ## - PUBLICATION, DISTRIBUTION, ETC. | |
| Place of publication, distribution, etc. | Санкт-Петербург : |
| Name of publisher, distributor, etc. | Алетейя, |
| Date of publication, distribution, etc. | 1998. |
| 300 ## - PHYSICAL DESCRIPTION | |
| Extent | 383 с. |
| 440 ## - SERIES STATEMENT/ADDED ENTRY--TITLE | |
| Title | Византийская библиотека. Исследования |
| 653 0# - INDEX TERM--UNCONTROLLED | |
| Uncontrolled term | Всемирная история - Средние века (5 в.-1640 г.) |
| 653 0# - INDEX TERM--UNCONTROLLED | |
| Uncontrolled term | Византия (4 в.-1453 г.) |
| 653 0# - INDEX TERM--UNCONTROLLED | |
| Uncontrolled term | Византия в 1204-1453 гг. |
| 653 0# - INDEX TERM--UNCONTROLLED | |
| Uncontrolled term | Политическая роль церкви |
| 653 0# - INDEX TERM--UNCONTROLLED | |
| Uncontrolled term | Христианство |
| 653 0# - INDEX TERM--UNCONTROLLED | |
| Uncontrolled term | Православие |
| 653 0# - INDEX TERM--UNCONTROLLED | |
| Uncontrolled term | Константинопольская православная церковь |
| 653 0# - INDEX TERM--UNCONTROLLED | |
| Uncontrolled term | Константинопольская (Византийская) православная церковь в средние века (V в. - сер. XVII в.) |
| 653 0# - INDEX TERM--UNCONTROLLED | |
| Uncontrolled term | Византийская православная церковь в сер. XI в. - 1453 г. |
| 700 1# - ADDED ENTRY--PERSONAL NAME | |
| Personal name | Морозов, М.А. |
| Relator term | ред. |
| Relationship | edt |
| 942 ## - ADDED ENTRY ELEMENTS (KOHA) | |
| Source of classification or shelving scheme | Universal Decimal Classification |
| Koha item type | Գրքեր / Books |
| Withdrawn status | Lost status | Source of classification or shelving scheme | Damaged status | Not for loan | Collection | Home library | Current library | Date acquired | Total checkouts | Full call number | Barcode | Date last seen | Price effective from | Koha item type | Public note |
|---|---|---|---|---|---|---|---|---|---|---|---|---|---|---|---|
| Universal Decimal Classification | General | Fundamental Scientific Library | Fundamental Scientific Library | 02/10/2019 | PII/658219 | FL0559561 | 02/10/2019 | 02/10/2019 | Գրքեր / Books | 30 Days Loan |
ՀՀ Գիտությունների ազգային ակադեմիայի հիմնարար գիտական գրադարան = Fundamental Scientific Library of NAS RA
All site content, except where otherwise noted, is licensed under a